000 00305nam a2200121Ia 4500
005 20251222143302.0
008 251222s9999||||xx |||||||||||||| ||spa||
082 _a658.001/C28
100 _aCárdenas Falcón, Gerardo
245 0 _aLa Empresa de Gestión Participativa:
264 _bINPET
942 _cLIB
999 _c15384
_d15384